000 00653nam a2200253Ia 4500
003 OSt
005 20220912151854.0
006 a|||||r|||| 00| 0
007 ta
008 220909b |||||||| |||| 00| 0 eng d
024 _a16983
037 _cTextual
040 _aCSL
_beng
_cCSL
041 _aeng
082 _aB325, E7
100 _aHancock Harris
245 0 _aElliptic integrals
260 _aNew York
_b Dover Publications
_c1917
300 _a104p.
_ccm.
650 _aEliiptic Integrals
942 _hB325, E7
_cTEXL
_2CC
999 _c76566
_d76566